000 00486cam a2200169ua 4500
041 _aeng
_h
082 _a155
_bGOO/DE
100 _aGoodenough, Florence L .
245 _aDevelopment psychology:an introduction to the study of human behaviour /
_cFlorence L Goodenough.
_hTextual Documents
250 _a3 /
_b.
260 _aNewyork :
_bAppleton-century-crafts ,
_c1945.
300 _a552 ; .
504 _a
700 1 _aTyler, Leona E .
942 _cBK
999 _c3531
_d3531